| 000 | 00718nab a2200253 a 4500 | ||
|---|---|---|---|
| 001 | 72419 | ||
| 003 | 146572 | ||
| 005 | 20201118111028.0 | ||
| 008 | ||||||n9999 ||| || || | ||
| 041 | _afre | ||
| 100 | _aLassale, Jean Pierre | ||
| 245 | 0 |
_aLa puissance et la fragilite : _bchronique d'une destitution annoncee |
|
| 260 |
_aFrancia : _bLibraire Generale De Droit et De Jurisprudence, _c1999. |
||
| 300 | _app.535-555 | ||
| 562 | _e0 | ||
| 650 | _aANALISIS POLITICO | ||
| 650 | _aCRISIS POLÍTICA | ||
| 650 | _aDEMOCRACIA | ||
| 650 | _aDESTITUCION | ||
| 650 | _aPROBLEMAS POLÍTICOS | ||
| 650 | _aSISTEMAS POLÍTICOS | ||
| 773 |
_066654 _aRevue du Droit Public - No.2 (1999) |
||
| 942 | _cSART | ||
| 999 |
_c72419 _d72419 |
||